| 000 | 00531nam a22002057a 4500 | ||
|---|---|---|---|
| 003 | OSt | ||
| 005 | 20170123190026.0 | ||
| 008 | 170123b xxu||||| |||| 00| 0 eng d | ||
| 020 | _a0192631632 | ||
| 040 | _cDMLN | ||
| 082 | _aWU100 F74h 2004 | ||
| 100 |
_aFortune, Farida _911442 |
||
| 245 | _aHuman Disease for Dentistry | ||
| 260 | _aOxford University Press, 2004 | ||
| 300 | _a414p; ill: 24cm | ||
| 504 | _aIndex included | ||
| 650 |
_aDental diseases _911443 |
||
| 650 |
_aDentistry medicine _911444 |
||
| 942 |
_2z _cO_SHELF |
||
| 999 |
_c5479 _d5479 |
||